01202nam a22002894a 4500001001200000003000800012006001900020007001500039008004100054010001700095020002800112040002100140035002100161050002600182082002200208100002800230245014000258260005300398300002300451504006600474533015200540600003100692655002900723710001700752856012600769999001700895ebr10018381CaPaEBRm u cr cn|||||||||020103s2002 inua sb 001 0 eng  z 2001008698 z0253341299 (alk. paper) aCaPaEBRcCaPaEBR a(OCoLC)61462387514aBV3785.S8bM27 2002eb04a269/.2/092aB2211 aMartin, Robert Francis.10aHero of the heartlandh[electronic resource] :bBilly Sunday and the transformation of American society, 1862-1935 /cRobert F. Martin. aBloomington :bIndiana University Press,cc2002. axv, 163 p. :bill. aIncludes bibliographical references (p. [153]-157) and index. aElectronic reproduction.bPalo Alto, Calif. :cebrary,d2013.nAvailable via World Wide Web.nAccess may be limited to ebrary affiliated libraries.10aSunday, Billy,d1862-1935. 7aElectronic books.2local2 aebrary, Inc.40uhttp://site.ebrary.com/lib/rucke/Doc?id=10018381zAn electronic book accessible through the World Wide Web; click to view c12472d12472